Pierce the Veil Props & Mayhem lyrics - Statistics

General Stats
  • This quiz has been taken 136 times
  • The average score is 182 of 249
Answer Stats
Answer % Correct
I
100%
the
97%
a
95%
you
95%
and
94%
we
92%
me
91%
to
91%
be
89%
I'm
88%
i'm
88%
in
88%
night
88%
so
88%
it
86%
like
86%
but
85%
everything
85%
gonna
85%
at
83%
don't
83%
self
83%
sleep
83%
this
83%
way
83%
dark
82%
flame
82%
from
82%
kill
82%
light
82%
place
82%
scream
82%
things
82%
up
82%
beautiful
80%
even
80%
evil
80%
medicate
80%
we're
80%
burst
79%
chase
79%
let
79%
stars
79%
when
79%
animals
77%
die
77%
while
77%
all
76%
away
76%
feel
76%
home
76%
into
76%
pain
76%
come
74%
got
74%
sober
74%
before
73%
difference?
73%
does
73%
if
73%
make
73%
tonight
73%
under
71%
wasted
71%
maybe
70%
my
70%
shows
70%
stress
70%
flames
68%
gets
68%
strange
68%
they
68%
with
68%
'cause
67%
our
67%
seems
65%
I'll
62%
i'll
62%
we'll
61%
homesick
59%
we've
59%
burns
56%
run
56%
these
56%
backyards
55%
dance
55%
darling
55%
arms
53%
around
53%
jump
53%
love
53%
ashes
52%
moves
52%
throw
52%
turn
52%
demons
50%
fire
50%
keep
50%
sky
50%
swing
48%
falling
47%
cemetary
45%
hides
44%
scars
44%
sometimes
44%
that
44%
through
44%
baby
42%
celebrate
42%
hands
42%
own
42%
please
42%
what
42%
hear
41%
i've
41%
killed
41%
many
41%
right
38%
times
38%
two
38%
creatures
36%
kinda
36%
need
36%
now
36%
tell
36%
can't
35%
save
35%
separate
35%
here
33%
crying
32%
poisons
32%
world
30%
sound
29%
water
29%
drowning
26%
wall
24%
inside
23%
will
21%
only
18%
yeah
6%
oh oh oh
2%
No matching quizzes found
Score Distribution
Percent of People with Each Score
Percentile by Number Answered
Your Score History
You have not taken this quiz